LEADER 01297nam--2200373---450- 001 990002733010203316 005 20100707115400.0 010 $a88-387-3251-5 035 $a000273301 035 $aUSA01000273301 035 $a(ALEPH)000273301USA01 035 $a000273301 100 $a20060411d2006----km-y0itay0103----ba 101 $aita 102 $aIT 105 $a||||||||001yy 200 1 $a<> Costituzione europea e la tutela civile dei diritti umani$ecommento con dottrina e giurisprudenza$eaggiornato alla legge 15 dicembre 2005, n.280$fGiovanni Battista Petti 210 $aSantarcangelo di Romagna$cMaggioli$d2006 215 $a890 p.$d24 cm 225 2 $aLegale$v95 410 0$12001$aLegale$v95 606 0 $aDiritti umani$xTutela$xDiritto internazionale$2BNCF 676 $a341.481 700 1$aPETTI,$bGiovanni Battista$038025 801 0$aIT$bsalbc$gISBD 912 $a990002733010203316 951 $aXXIII.4.F. 72 (IG VIII 16 IT 224)$b49913 G.$cXXIII.4.F. 72 (IG VIII)$d00177966 959 $aBK 969 $aGIU 979 $aRENATO$b90$c20060411$lUSA01$h0901 979 $aFIORELLA$b90$c20091117$lUSA01$h1151 979 $aRSIAV2$b90$c20100707$lUSA01$h1154 996 $aCostituzione europea e la tutela civile dei diritti umani$9998526 997 $aUNISA LEADER 02659nam 22006015 450 001 996635668903316 005 20250626164404.0 010 $a9783031783128 010 $a3031783123 024 7 $a10.1007/978-3-031-78312-8 035 $a(CKB)36813079200041 035 $a(MiAaPQ)EBC31812829 035 $a(Au-PeEL)EBL31812829 035 $a(DE-He213)978-3-031-78312-8 035 $a(OCoLC)1477221468 035 $a(EXLCZ)9936813079200041 100 $a20241204d2025 u| 0 101 0 $aeng 135 $aur||||||||||| 181 $ctxt$2rdacontent 182 $cc$2rdamedia 183 $acr$2rdacarrier 200 10$aPattern Recognition $e27th International Conference, ICPR 2024, Kolkata, India, December 1?5, 2024, Proceedings, Part XXII /$fedited by Apostolos Antonacopoulos, Subhasis Chaudhuri, Rama Chellappa, Cheng-Lin Liu, Saumik Bhattacharya, Umapada Pal 205 $a1st ed. 2025. 210 1$aCham :$cSpringer Nature Switzerland :$cImprint: Springer,$d2025. 215 $a1 online resource (499 pages) 225 1 $aLecture Notes in Computer Science,$x1611-3349 ;$v15322 311 08$a9783031783111 311 08$a3031783115 330 $aThe multi-volume set of LNCS books with volume numbers 15301-15333 constitutes the refereed proceedings of the 27th International Conference on Pattern Recognition, ICPR 2024, held in Kolkata, India, during December 1?5, 2024. The 963 papers presented in these proceedings were carefully reviewed and selected from a total of 2106 submissions. They deal with topics such as Pattern Recognition; Artificial Intelligence; Machine Learning; Computer Vision; Robot Vision; Machine Vision; Image Processing; Speech Processing; Signal Processing; Video Processing; Biometrics; Human-Computer Interaction (HCI); Document Analysis; Document Recognition; Biomedical Imaging; Bioinformatics. 410 0$aLecture Notes in Computer Science,$x1611-3349 ;$v15322 606 $aComputer vision 606 $aMachine learning 606 $aComputer Vision 606 $aMachine Learning 615 0$aComputer vision. 615 0$aMachine learning. 615 14$aComputer Vision. 615 24$aMachine Learning. 676 $a006.37 700 $aAntonacopoulos$b Apostolos$0885419 701 $aChaudhuri$b Subhasis$0846530 701 $aChellappa$b Rama$0491442 701 $aLiu$b Cheng-Lin$0861045 701 $aBhattacharya$b Saumik$01782600 701 $aPal$b Umapada$01782601 801 0$bMiAaPQ 801 1$bMiAaPQ 801 2$bMiAaPQ 906 $aBOOK 912 $a996635668903316 996 $aPattern Recognition$94309011 997 $aUNISA